000 00691nam a2200205Ia 4500
003 GCL
008 140319s9999 xx 000 0 ara d
040 _aGCL /
_cGCL
082 0 4 _a896
_bع أ
100 1 _aعلى شلش
245 1 0 _aالادب الافريقى (عالم المعرفة171) /
_cعلى شلش
300 _a271 ص
490 _aعالم المعرفة
_v0
650 0 4 _aالادب
650 0 4 _aالادب الافريقى - تاريخ ونقد
650 0 4 _aالشعر الافريقى - تاريخ ونقد
650 0 4 _aالقصة الافريقية - تاريخ ونقد
650 0 4 _aالمسرحيات الافريقية-تاريخ ونقد
942 _2ddc
_cBK
999 _c51502
_d51502